| 000 | 00730nam a22002297a 4500 | ||
|---|---|---|---|
| 003 | UA-OsUOA | ||
| 001 | 40364 | ||
| 007 | ta | ||
| 008 | 20080610b un ||||| |||| 00| 0 ukr d | ||
| 090 |
_a82(477) _bС48 |
||
| 942 | _cBK | ||
| 040 |
_aUA-OsUOA _bukr _cUA-OsUOA _dUA-OsUOA |
||
| 245 |
_aСлово _bЛітература, мистецтво, критика, мемуари, документи _cТ. 10 |
||
| 300 | _a483 с. | ||
| 955 | _a3 | ||
| 041 | _aukr | ||
| 080 | _a82(477) | ||
| 260 |
_aЕдмонтон _bОб'єднання Українських Письменників "Слово" _c1983 |
||
| 246 | 3 | 1 | _aЗбірник |
| 650 | 7 |
_a82 Література. Літературознавство _2UDC |
|
| 999 |
_c438872 _d438872 |
||